| 000 | 00787cam a22002175a 4500 | ||
|---|---|---|---|
| 001 | L159687 | ||
| 008 | 150226s2017 xxk f 000 0 eng d | ||
| 035 | _a(Sirsi) u159687 | ||
| 041 | 0 | _aeng | |
| 100 | 1 | _aAdams, David | |
| 245 | 0 | 0 | _aAnimal instinct |
| 260 | _c2017 | ||
| 490 |
_aModus _vFebruary 2017, 28-31 (4) |
||
| 520 | _aWhen it comes to real estate, many investors are still creatures of habit. Whether commercial or residential, trophy assets or value-add, bear or bull, sentiment still plays a major role in our investment decisions. But with so much data now at our fingertips, is it time to take a fresh approach? | ||
| 590 | _aKA | ||
| 650 | 2 | 4 | _aSENTIMENT |
| 650 | 2 | 4 | _aREAL ESTATE INVESTMENT |
| 650 | 2 | 4 | _aINVESTMENT |
| 690 | _aINVESTMENT TRENDS | ||
| 942 | _n0 | ||
| 999 |
_c84912 _d84912 |
||